25 Most Popular Quizzes on Jetpunk - Statistics

General Stats
  • This quiz has been taken 35 times
  • The average score is 9 of 25
Answer Stats
Times Taken Quiz Name Answer % Correct
2,056,538 US ______ States
94%
4,337,387 _________ of the _____ Countries, World
91%
651,369 ______ Map Quiz Europe
63%
531,278 ______ _____ Map Quiz United States
57%
405,648 World ________ Capitals
54%
186,221 Mythical _________ Creatures
54%
295,639 ___ Teams Quiz NBA
54%
450,013 ___ Teams Quiz NFL
54%
163,172 _____ _______ Map Quiz South America
54%
261,627 Fast Typing _ __ _ A to Z
49%
487,541 _____ ______ in One Minute Fifty States
43%
238,535 ______ Map Quiz Africa
37%
201,194 Países do _____ Mundo
31%
712,409 Fast Typing __ ___ to 100
31%
195,380 __ ______ in 15 Seconds 12 Months
26%
263,094 US __________ Presidents
23%
289,635 Country _____ Flags
20%
231,691 _____ ______ ________ Teams Major League Baseball
17%
236,288 The _ _______ 8 Planets
9%
249,704 ____ ____ Map Quiz East Asia
9%
270,253 _____ ______ Lyrics Fresh Prince
9%
242,409 _____ ______ Last Names Harry Potter
9%
197,438 ______ Catchphrases 2000's
6%
171,458 ________ valtioiden nimet suomeksi Maailman
3%
191,546 _______ Quiz Pokemon
3%
No matching quizzes found
Score Distribution
Percent of People with Each Score
Percentile by Number Answered
Your Score History
You have not taken this quiz